<The> Bank of America journal of applied corporate finance

Enregistré dans:
Détails bibliographiques
Format: Publication en série
Langue:anglais
Publié: New York Stern Stewart Management Services 1995
Sujets:
Tags: Ajouter un tag
Pas de tags, Soyez le premier à ajouter un tag!

MARC

LEADER 00000nas2a2200000 4500
001 s102322
005 20221221065626.3
022 |a 1078-1196 
041 0 |a eng 
044 |a US 
245 1 0 |a <The> Bank of America journal of applied corporate finance 
264 1 |a New York  |b Stern Stewart Management Services  |c 1995 
300 |a 1 zv. 
773 0 |w eu_un_cat*s120114 
610 2 0 |a financie podnikové 
610 2 0 |a trh finančný